[Event "FIDE World Blitz 2013"]
[Site "Khanty-Mansiysk RUS"]
[Date "2013.06.10"]
[Round "28.27"]
[White "Nadanian, Ashot"]
[Black "Kabanov, Nikolai"]
[Result "1-0"]
[WhiteTitle "IM"]
[BlackTitle "GM"]
[WhiteElo "2428"]
[BlackElo "2472"]
[WhiteFideId "13300393"]
[BlackFideId "4127820"]
[EventDate "2013.06.09"]

1. e4 d6 2. f4 c5 3. d3 Nc6 4. g3 g6 5. Bg2 Bg7 6. Nf3 e6 7. O-O Nge7 8. c3 Rb8
9. Be3 b5 10. d4 cxd4 11. cxd4 O-O 12. Nbd2 a5 13. Rc1 Ba6 14. Re1 Nb4 15. Qb3
d5 16. e5 Qd7 17. Qa3 Qa7 18. Bf1 Rfc8 19. Qb3 Nec6 20. a3 a4 21. Qd1 Na2 22.
Ra1 b4 23. Rxa2 Bxf1 24. Rxf1 b3 25. Ra1 Na5 26. Rc1 Bf8 27. Qe2 Rc2 28. Rxc2
bxc2 29. Rc1 Rxb2 30. Qd3 Qc7 31. Ne1 Nb3 32. Rxc2 Rxc2 33. Nxc2 Qb6 34. Nf3 Na5
35. Nd2 Qb2 36. g4 Nb3 37. Nf3 Bxa3 38. Nxa3 Qxa3 39. f5 Qa1+ 40. Kg2 Qb2+ 41.
Kg3 a3 42. Qb5 g5 43. f6 h5 44. Qe8+ 1-0

[Event "FIDE World Blitz 2013"]
[Site "Khanty-Mansiysk RUS"]
[Date "2013.06.10"]
[Round "28.28"]
[White "Byambaa, Zulzaga"]
[Black "Ram, S. Krishnan"]
[Result "1-0"]
[WhiteTitle "FM"]
[WhiteElo "2285"]
[BlackElo "2248"]
[WhiteFideId "4900642"]
[BlackFideId "5010519"]
[EventDate "2013.06.09"]

1. e4 Nf6 2. e5 Nd5 3. d4 d6 4. Nf3 Bg4 5. h3 Bh5 6. g4 Bg6 7. e6 fxe6 8. Ng5
Qd7 9. Qe2 Bf7 10. Bg2 Nc6 11. c3 Bg8 12. O-O h6 13. Ne4 O-O-O 14. f4 Bh7 15.
Na3 e5 16. dxe5 dxe5 17. Nc5 Qd6 18. Nxb7 Kxb7 19. Qb5+ Kc8 20. Nc4 Qe6 21. f5
Qf7 22. Qxc6 1-0

[Event "FIDE World Blitz 2013"]
[Site "Khanty-Mansiysk RUS"]
[Date "2013.06.10"]
[Round "28.29"]
[White "Akbaev, Kazbek"]
[Black "Lagno, Kateryna"]
[Result "0-1"]
[WhiteTitle "IM"]
[BlackTitle "GM"]
[WhiteElo "2475"]
[BlackElo "2542"]
[WhiteFideId "4131045"]
[BlackFideId "14109336"]
[EventDate "2013.06.09"]

1. d4 Nf6 2. Nd2 d5 3. Ngf3 g6 4. e3 Bg7 5. Bd3 O-O 6. O-O b6 7. Qe2 Bb7 8. c3
Nbd7 9. Ne5 c5 10. f4 Ne4 11. Nxe4 dxe4 12. Ba6 Bxa6 13. Qxa6 Nf6 14. Qb7 e6 15.
a4 Qd5 16. Qa6 cxd4 17. cxd4 Rfc8 18. Bd2 Rc2 19. Bc3 Nd7 20. Rac1 Rxc1 21. Rxc1
Nxe5 22. fxe5 Bh6 23. Bd2 Qb3 24. Qe2 Qxb2 25. h3 a6 26. Rc7 b5 27. Qf2 Rf8 28.
axb5 axb5 29. d5 Qxe5 30. Bc3 Qxc7 31. Qf6 Bxe3+ 32. Kh1 e5 33. Bxe5 Qc1+ 34.
Kh2 Bg1+ 35. Kg3 Qe3+ 36. Kh4 Qf2+ 37. Qxf2 Bxf2+ 0-1

[Event "FIDE World Blitz 2013"]
[Site "Khanty-Mansiysk RUS"]
[Date "2013.06.10"]
[Round "28.30"]
[White "Sibriaev, Aleksandr"]
[Black "Gordievsky, Dmitry"]
[Result "0-1"]
[WhiteTitle "FM"]
[BlackTitle "FM"]
[WhiteElo "2239"]
[BlackElo "2474"]
[WhiteFideId "4116070"]
[BlackFideId "24112798"]
[EventDate "2013.06.09"]

1. e4 e6 2. c4 b6 3. Nc3 Bb7 4. Nge2 c5 5. g3 d6 6. Bg2 a6 7. O-O Qc7 8. d3 Nf6
9. h3 Be7 10. g4 Nc6 11. Ng3 Nd4 12. Be3 Nd7 13. a3 g6 14. Nce2 e5 15. Nc3 Bh4
16. Nd5 Bxd5 17. cxd5 O-O 18. Bh6 Rfe8 19. Ne2 Qd8 20. Nxd4 cxd4 21. Qd2 Bf6 22.
f4 exf4 23. Bxf4 Be5 24. Bg5 f6 25. Bf4 Qe7 26. Rf2 Bxf4 27. Rxf4 Qe5 28. Raf1
Rac8 29. h4 Rf8 30. Bh3 g5 31. R4f3 Qe7 32. Rf5 h6 33. R1f2 Ne5 34. Kh2 a5 35.
Kg3 Kg7 36. Bf1 Qc7 37. hxg5 hxg5 38. Rh2 Qc1 39. Qe2 Rh8 40. Qf2 Rxh2 41. Qxh2
Qe3+ 42. Kg2 Rh8 43. Qg3 Qxg3+ 44. Kxg3 Rc8 45. Rf2 Rc1 46. Be2 Rc2 47. Kg2 Rd2
48. Kf1 Rc2 49. b4 axb4 50. axb4 Rb2 51. Bd1 Rxf2+ 52. Kxf2 Nxd3+ 53. Ke2 Nxb4
54. Ba4 Na6 55. Be8 Nc5 56. Kf3 Kf8 57. Bb5 Ke7 58. Bc4 Nd7 59. Ba6 Ne5+ 60. Kg3
d3 61. Kf2 Nxg4+ 62. Ke1 Ne5 0-1

[Event "FIDE World Blitz 2013"]
[Site "Khanty-Mansiysk RUS"]
[Date "2013.06.10"]
[Round "29.6"]
[White "Mamedov, Rauf"]
[Black "Safarli, Eltaj"]
[Result "1-0"]
[WhiteTitle "GM"]
[BlackTitle "GM"]
[WhiteElo "2637"]
[BlackElo "2660"]
[WhiteFideId "13401653"]
[BlackFideId "13402129"]
[EventDate "2013.06.09"]

1. e4 c5 2. Nf3 Nc6 3. Bb5 d6 4. O-O Bd7 5. c3 a6 6. Ba4 Nf6 7. Re1 Ne5 8. Bxd7+
Qxd7 9. d4 Nxf3+ 10. Qxf3 e6 11. dxc5 dxc5 12. Be3 Be7 13. Nd2 O-O 14. Rad1 Qc6
15. Bg5 h6 16. Bh4 Rfd8 17. e5 Nd5 18. Bg3 b5 19. Ne4 a5 20. Rd2 Ra7 21. Nd6
Bxd6 22. exd6 Rad7 23. h3 a4 24. Be5 Rxd6 25. Qg4 f6 26. Bxd6 Rxd6 27. c4 bxc4
28. Qxc4 Kf7 29. Rde2 Nc7 30. Rc2 Rd5 31. b4 axb3 32. axb3 Qd6 33. Rcc1 Ke7 34.
b4 Rd4 35. bxc5 Qd5 36. Qc3 Rd3 37. Qb4 Qc6 38. Qb6 Kd7 39. Red1 Rxd1+ 40. Rxd1+
Nd5 41. Qa7+ Qc7 42. Qa4+ Qc6 43. Qg4 g5 44. Qh5 Qxc5 45. Qxh6 Qc2 46. Qg7+ Kc6
47. Re1 e5 48. Qa7 Qd2 49. Qa4+ Kd6 50. Rd1 Qe2 51. Rc1 Nc3 52. Qb4+ Kd5 1-0

[Event "FIDE World Blitz 2013"]
[Site "Khanty-Mansiysk RUS"]
[Date "2013.06.10"]
[Round "29.9"]
[White "Khismatullin, Denis"]
[Black "Tkachiev, Vladislav"]
[Result "0-1"]
[WhiteTitle "GM"]
[BlackTitle "GM"]
[WhiteElo "2658"]
[BlackElo "2649"]
[WhiteFideId "4142578"]
[BlackFideId "618438"]
[EventDate "2013.06.09"]

1. Nf3 Nf6 2. c4 g6 3. b3 Bg7 4. Bb2 d6 5. g3 e5 6. Bg2 O-O 7. O-O Re8 8. Nc3 c6
9. e4 Nbd7 10. d4 exd4 11. Nxd4 Nc5 12. Qc2 Qb6 13. Rfd1 a5 14. Rab1 Ng4 15. h3
Ne5 16. Bc1 a4 17. Be3 axb3 18. axb3 Qb4 19. f4 Ned7 20. Bf2 Ra3 21. Na2 Qa5 22.
b4 Qa6 23. Nc1 Na4 24. Ncb3 Nab6 25. b5 Qa4 26. bxc6 bxc6 27. e5 dxe5 28. Bxc6
Qxc4 29. Qxc4 Nxc4 30. Nb5 Ra2 31. Bxd7 Bxd7 32. Rxd7 exf4 33. gxf4 Rc2 34. Nc7
Rb8 35. Nd5 Na3 36. Re1 h5 37. Nd4 Rd2 38. Ne7+ Kh7 39. Ndc6 Rxd7 40. Nxb8 Rd3
41. Kg2 Nc2 42. Re4 Rd2 43. Kf1 Rd1+ 44. Ke2 Rh1 45. Rc4 Na3 46. Ra4 Nb5 47. Nd7
Nc3+ 48. Kf3 Nxa4 49. f5 0-1

[Event "FIDE World Blitz 2013"]
[Site "Khanty-Mansiysk RUS"]
[Date "2013.06.10"]
[Round "29.10"]
[White "Grachev, Boris"]
[Black "Vitiugov, Nikita"]
[Result "1/2-1/2"]
[WhiteTitle "GM"]
[BlackTitle "GM"]
[WhiteElo "2683"]
[BlackElo "2734"]
[WhiteFideId "4129199"]
[BlackFideId "4152956"]
[EventDate "2013.06.09"]

1. d4 c5 2. d5 Nf6 3. c4 g6 4. Nc3 Bg7 5. e4 O-O 6. Nf3 e6 7. Bd3 d6 8. h3 Na6
9. O-O e5 10. Re1 Nh5 11. a3 Qe7 12. Rb1 Nf4 13. Bf1 g5 14. Nh2 Bd7 15. Ng4 f5
16. exf5 Bxf5 17. Ra1 h5 18. Nh2 Qf6 19. Bxf4 exf4 20. Qxh5 Nc7 21. Qf3 Qg6 22.
Re7 Rac8 23. Ng4 Rfe8 24. Rae1 Kf8 25. Rxe8+ Rxe8 26. Rxe8+ Nxe8 27. Qe2 Nf6 28.
Nxf6 Qxf6 29. Nb5 a6 30. Nc7 Qe5 31. Qh5 Qe7 32. Ne6+ Bxe6 33. dxe6 Bxb2 34. Qg6
Qf6 35. Qe4 Bd4 36. Bd3 Qe5 37. a4 Qxe4 38. Bxe4 Ke7 39. Bxb7 a5 40. Bd5 Kf6 41.
Kf1 Ke7 42. Ke2 Kf6 43. Kf3 Ke7 44. g3 fxg3 45. fxg3 Be5 46. Kg4 Kf6 47. h4 gxh4
48. gxh4 Bc3 49. h5 Bd2 50. Kf3 Bh6 51. Ke4 Bg5 52. Kf3 Bd2 53. Ke2 Bh6 54. Kd3
Bg5 55. Kc2 Bh6 56. Kc3 Bg5 57. Kd3 Bh6 58. Ke4 Bd2 59. Kf3 Bh6 60. Kg4 Bd2 61.
e7 Kxe7 62. Kf5 Bc3 63. Kg6 Bb2 64. Kh7 Kf8 65. Kg6 Ke7 66. h6 Bc3 67. Kf5 Be5
68. Bf3 Kf7 69. Bd5+ Ke7 70. h7 Bc3 71. Bf3 Kf7 72. Be4 Kg7 73. Ke6 Bb4 1/2-1/2

[Event "FIDE World Blitz 2013"]
[Site "Khanty-Mansiysk RUS"]
[Date "2013.06.10"]
[Round "29.12"]
[White "Ponkratov, Pavel"]
[Black "Artemiev, Vladislav"]
[Result "1-0"]
[WhiteTitle "GM"]
[BlackTitle "IM"]
[WhiteElo "2605"]
[BlackElo "2524"]
[WhiteFideId "4157800"]
[BlackFideId "24101605"]
[EventDate "2013.06.09"]

1. c4 e5 2. Nc3 Bb4 3. Nf3 Bxc3 4. bxc3 d6 5. e4 Ne7 6. d4 Nbc6 7. d5 Nb8 8. c5
O-O 9. Ba3 Bg4 10. Be2 Ng6 11. h3 Bxf3 12. Bxf3 Na6 13. Rb1 b6 14. c6 Nc5 15. g3
Ne7 16. O-O Kh8 17. Bg2 f5 18. Bxc5 dxc5 19. f4 fxe4 20. Bxe4 exf4 21. Qh5 h6
22. gxf4 Qd6 23. Qe5 Rad8 24. c4 Ng8 25. Rb2 Rfe8 26. Qxd6 Rxd6 27. Bf5 Rf8 28.
Be6 Nf6 29. f5 Re8 30. Kh2 Re7 31. a4 Kh7 32. a5 Re8 33. Ra1 Re7 34. axb6 axb6
35. Ra7 Ng8 36. Rxb6 cxb6 37. Bxg8+ Kxg8 38. Rxe7 1-0

[Event "FIDE World Blitz 2013"]
[Site "Khanty-Mansiysk RUS"]
[Date "2013.06.10"]
[Round "29.13"]
[White "Najer, Evgeniy"]
[Black "Zvjaginsev, Vadim"]
[Result "1-0"]
[WhiteTitle "GM"]
[BlackTitle "GM"]
[WhiteElo "2633"]
[BlackElo "2659"]
[WhiteFideId "4118987"]
[BlackFideId "4113403"]
[EventDate "2013.06.09"]

1. e4 e6 2. d4 d5 3. Nc3 Nf6 4. Bg5 Be7 5. e5 Nfd7 6. h4 Nc6 7. Nf3 h6 8. Bf4
Nb6 9. Bd3 Bd7 10. a3 a6 11. Be3 Qb8 12. Qe2 Qa7 13. g3 O-O-O 14. b4 Kb8 15. Kf1
Qa8 16. Kg2 Nc4 17. Nd2 N4xe5 18. dxe5 Nxe5 19. Bd4 Nxd3 20. cxd3 b6 21. Bxg7
d4+ 22. Nce4 f5 23. Bxh8 Rxh8 24. Rac1 Bc6 25. Rhe1 fxe4 26. Nxe4 Bd5 27. Qh5
Qb7 28. Qf7 c6 29. Qg7 Rf8 30. Qxh6 Bd6 31. Rc2 Qf7 32. f4 Bc7 33. Kh2 Rg8 34.
Rce2 Qf5 35. Rf2 Qg4 36. Rg1 Bxe4 37. dxe4 d3 38. e5 Rd8 39. Rgg2 b5 40. Qh7 Bb6
41. Rd2 Qf3 42. Qe7 Qd5 43. h5 Rd7 44. Qg5 Be3 45. Rd1 d2 46. Qg4 Qe4 47. Qe2
Rh7 48. Kh1 Qf5 49. Rh2 Qe4+ 50. Qg2 Qc2 51. Qf3 Qb3 52. Kg2 Qd3 53. Rhh1 Qd4
54. Rh4 Kb7 55. Rhh1 Kb6 56. Rh4 Kb7 57. Rhh1 Kb6 58. Rhf1 Kb7 59. g4 Kb6 60. g5
Rf7 61. Qg4 Bxf4 62. g6 Rf5 63. g7 Rg5 64. g8=Q Qe4+ 65. Kh3 Rxg8 66. Qxg8 Qe3+
67. Kh4 Bxe5 68. Qg1 1-0

[Event "FIDE World Blitz 2013"]
[Site "Khanty-Mansiysk RUS"]
[Date "2013.06.10"]
[Round "29.14"]
[White "Rublevsky, Sergei"]
[Black "Kurnosov, Igor"]
[Result "1-0"]
[WhiteTitle "GM"]
[BlackTitle "GM"]
[WhiteElo "2695"]
[BlackElo "2657"]
[WhiteFideId "4115309"]
[BlackFideId "4142527"]
[EventDate "2013.06.09"]

1. e4 c5 2. Ne2 Nf6 3. Nbc3 d6 4. g3 g6 5. Bg2 Bg7 6. d3 O-O 7. O-O Nc6 8. h3
Rb8 9. f4 Bd7 10. g4 b5 11. Ng3 b4 12. Nce2 Ne8 13. f5 Nc7 14. g5 Nd4 15. h4
Nxe2+ 16. Qxe2 Nb5 17. Rb1 Qa5 18. f6 Bh8 19. Qf2 Qxa2 20. Be3 Qe6 21. Ra1 Rfc8
22. Ne2 exf6 23. gxf6 Qe5 24. Bg5 Qxb2 25. Nf4 Qd4 26. Qxd4 cxd4 27. Nd5 Rxc2
28. Bh6 Re8 29. Ne7+ Rxe7 30. fxe7 Be5 31. Bh3 Be8 32. Be6 Nc3 33. Rxf7 Ne2+ 34.
Kf1 Ng3+ 35. Ke1 1-0

[Event "FIDE World Blitz 2013"]
[Site "Khanty-Mansiysk RUS"]
[Date "2013.06.10"]
[Round "29.16"]
[White "Moiseenko, Alexander"]
[Black "Gundavaa, Bayarsaikhan"]
[Result "1/2-1/2"]
[WhiteTitle "GM"]
[BlackTitle "GM"]
[WhiteElo "2711"]
[BlackElo "2516"]
[WhiteFideId "14102560"]
[BlackFideId "4901045"]
[EventDate "2013.06.09"]

1. d4 Nf6 2. c4 g6 3. Nc3 Bg7 4. e4 d6 5. Bd3 O-O 6. Nge2 Nc6 7. O-O e5 8. d5
Nd4 9. Nxd4 exd4 10. Ne2 Ng4 11. h3 Nf6 12. Bg5 h6 13. Bh4 g5 14. Bg3 Nh5 15.
Bh2 g4 16. hxg4 Bxg4 17. f3 Bd7 18. g4 Nf6 19. Kh1 Nh7 20. Ng3 Qh4 21. Qe1 Ng5
22. Nh5 Qh3 23. Qg3 Qxg3 24. Bxg3 Rae8 25. Kg2 Nh7 26. Nxg7 Kxg7 27. Bf2 f6 28.
Bxd4 Ng5 29. Rh1 Nf7 30. Rh5 Ne5 31. Be2 Nxg4 32. Rah1 Rh8 33. Kg3 Ne5 34. Kf2
Kg6 35. R5h2 h5 36. Rg1+ Kf7 37. Rgh1 Kg6 38. c5 dxc5 39. Bxc5 b6 40. Be3 c6 41.
d6 Be6 42. b3 Rd8 43. Rg1+ Kf7 44. Rd1 h4 45. Bf1 c5 46. Bf4 Ng6 47. Be3 Ne5 48.
Bh3 Bxh3 49. Rxh3 Ke6 1/2-1/2

[Event "FIDE World Blitz 2013"]
[Site "Khanty-Mansiysk RUS"]
[Date "2013.06.10"]
[Round "29.18"]
[White "Georgiev, Kiril"]
[Black "Kobalia, Mikhail"]
[Result "1/2-1/2"]
[WhiteTitle "GM"]
[BlackTitle "GM"]
[WhiteElo "2636"]
[BlackElo "2651"]
[WhiteFideId "2900017"]
[BlackFideId "4119150"]
[EventDate "2013.06.09"]

1. c4 Nf6 2. Nc3 e5 3. Nf3 Nc6 4. g3 Bc5 5. Bg2 d6 6. O-O O-O 7. d3 h6 8. Na4
Bb6 9. b3 Bd4 10. Rb1 a6 11. e3 Ba7 12. Nc3 Bf5 13. b4 Qd7 14. Re1 Bh3 15. Bh1
Rfe8 16. Nd2 Qf5 17. Nde4 Nxe4 18. Bxe4 Qg5 19. Nd5 Rac8 20. b5 axb5 21. cxb5
Ne7 22. Nxe7+ Rxe7 23. Bxb7 Rb8 24. Bc6 f5 25. a4 Kh8 26. a5 Rf7 27. Qf3 Bg4 28.
Qd5 Qg6 29. b6 cxb6 30. axb6 Bxb6 31. Ba3 Rf6 32. d4 f4 33. dxe5 fxe3 34. exf6
exf2+ 35. Kh1 fxe1=Q+ 36. Rxe1 Qxf6 37. Qe4 Bh5 38. Qg2 Bd4 39. Bc1 Be5 40. Rf1
Qe7 41. Bf3 Bxf3 42. Qxf3 Qe6 43. Kg2 Rc8 44. Bd2 Rc2 45. Qd3 Rc8 46. Rf2 Bf6
47. Bf4 d5 48. Re2 Qg4 49. h3 Qd7 50. Qg6 Qb5 51. Rf2 Qe8 52. Qxe8+ Rxe8 53.
Bxh6 Bd4 54. Rd2 Bc3 55. Rd3 gxh6 1/2-1/2

[Event "FIDE World Blitz 2013"]
[Site "Khanty-Mansiysk RUS"]
[Date "2013.06.10"]
[Round "29.21"]
[White "Guseinov, Gadir"]
[Black "Bezgodov, Alexei"]
[Result "1-0"]
[WhiteTitle "GM"]
[BlackTitle "GM"]
[WhiteElo "2631"]
[BlackElo "2482"]
[WhiteFideId "13401378"]
[BlackFideId "4105257"]
[EventDate "2013.06.09"]

1. e4 e5 2. Nf3 Nc6 3. Bb5 a6 4. Bxc6 dxc6 5. O-O f6 6. d4 exd4 7. Nxd4 c5 8.
Ne2 Qxd1 9. Rxd1 g5 10. Nbc3 h6 11. b3 Rh7 12. Bb2 Be6 13. Nd5 Rf7 14. Ng3 O-O-O
15. c4 Bd6 16. Nf5 Bxf5 17. exf5 c6 18. Ne3 h5 19. h3 Rfd7 20. g4 hxg4 21. hxg4
Bf4 22. Rxd7 Rxd7 23. Nf1 b5 24. Re1 Kd8 25. Re6 Rd6 26. Rxd6+ Bxd6 27. Nd2 1-0

[Event "FIDE World Blitz 2013"]
[Site "Khanty-Mansiysk RUS"]
[Date "2013.06.10"]
[Round "29.22"]
[White "Potkin, Vladimir"]
[Black "Gordievsky, Dmitry"]
[Result "1-0"]
[WhiteTitle "GM"]
[BlackTitle "FM"]
[WhiteElo "2647"]
[BlackElo "2474"]
[WhiteFideId "4131061"]
[BlackFideId "24112798"]
[EventDate "2013.06.09"]

1. c4 b6 2. Nc3 Bb7 3. d4 e6 4. a3 f5 5. Nf3 Nf6 6. d5 Na6 7. g3 Nc5 8. Bg2 Nce4
9. dxe6 dxe6 10. Qa4+ Qd7 11. Qxd7+ Nxd7 12. Ng5 Ndc5 13. Ncxe4 fxe4 14. Be3 h6
15. Bxc5 hxg5 16. Be3 Be7 17. O-O-O Bf6 18. Kc2 Ke7 19. b4 Rac8 20. h3 Ba6 21.
b5 Bb7 22. a4 c5 23. Bd2 Rhd8 24. Bc3 Bd4 25. e3 Bf6 26. a5 Rd3 27. Bxf6+ Kxf6
28. a6 Ba8 29. Rd2 Rcd8 30. Rhd1 Ke5 31. Bf1 R8d6 32. f4+ gxf4 33. gxf4+ Kf5 34.
Bxd3 exd3+ 35. Kc3 Be4 36. Rg1 Kf6 37. Rg5 Bf5 38. h4 Rd8 39. h5 Rh8 40. Rxd3
Bxd3 41. Kxd3 Rd8+ 42. Ke4 Rd1 43. Rg6+ Kf7 44. Ke5 Rd3 45. e4 Rd4 46. Rxe6 Rxc4
47. Rc6 Rb4 48. Rc7+ Kg8 49. Rxa7 Rxb5 50. Rb7 Kh7 51. a7 Ra5 52. Kd5 Ra4 53. e5
c4 54. Kd4 b5 55. e6 b4 56. Kxc4 1-0

[Event "FIDE World Blitz 2013"]
[Site "Khanty-Mansiysk RUS"]
[Date "2013.06.10"]
[Round "29.23"]
[White "Cherniaev, Alexander"]
[Black "Pridorozhni, Aleksei"]
[Result "1/2-1/2"]
[WhiteTitle "GM"]
[BlackTitle "GM"]
[WhiteElo "2447"]
[BlackElo "2512"]
[WhiteFideId "4117301"]
[BlackFideId "4127870"]
[EventDate "2013.06.09"]

1. e4 d6 2. f4 d5 3. exd5 Nf6 4. Nc3 Nxd5 5. Nxd5 Qxd5 6. Qf3 c6 7. b3 Bf5 8. c4
Qd4 9. Qc3 Qxc3 10. dxc3 Nd7 11. Be3 e6 12. Nf3 Ba3 13. Rd1 Bc2 14. Rd2 Bg6 15.
Rd1 Bb2 16. Bd4 f6 17. Bd3 O-O-O 18. Bxg6 hxg6 19. Rb1 Ba3 20. b4 c5 21. Be3 Nb6
22. Bxc5 Nxc4 23. Ke2 b6 24. Be3 Rd5 25. Nd2 Nxe3 26. Kxe3 Rhd8 27. Nc4 Rd3+ 28.
Ke2 Rxc3 29. Nxa3 Rxa3 30. Rhc1+ Kb7 31. Rc2 Rad3 32. g3 R3d5 33. a4 e5 34. fxe5
Rxe5+ 35. Kf1 g5 36. Rbc1 Rd7 37. b5 Re4 38. Rc4 Rxc4 39. Rxc4 Rd2 40. Kg1 f5
41. h3 Rd5 42. Kf2 Rd6 43. g4 g6 44. h4 gxh4 45. gxf5 gxf5 46. Rxh4 Rd7 47. Rf4
Rf7 48. Kf3 Kc7 49. Rc4+ Kd6 50. Kf4 Kd5 51. Rc1 Rh7 52. Kxf5 Rh4 53. Ra1 Kc5
54. Ke6 Kb4 55. Kd6 Ka5 56. Kc6 Rxa4 57. Rb1 Rh4 58. Ra1+ Kb4 59. Rb1+ Ka3 60.
Ra1+ Kb2 61. Rxa7 Rh6+ 62. Kb7 Kb3 63. Ra6 Kb4 64. Rxb6 Rh8 65. Ka7 1/2-1/2

[Event "FIDE World Blitz 2013"]
[Site "Khanty-Mansiysk RUS"]
[Date "2013.06.10"]
[Round "29.24"]
[White "Vasquez Schroeder, Rodrigo"]
[Black "Skatchkov, Pavel"]
[Result "1/2-1/2"]
[WhiteTitle "GM"]
[BlackTitle "GM"]
[WhiteElo "2542"]
[BlackElo "2486"]
[WhiteFideId "3400042"]
[BlackFideId "4121848"]
[EventDate "2013.06.09"]

1. Nf3 d5 2. d4 Nf6 3. Bf4 Bf5 4. c3 e6 5. Qb3 b6 6. e3 Bd6 7. Nbd2 O-O 8. Be2
c5 9. O-O Nc6 10. Qa4 Qc7 11. Bg3 Bxg3 12. hxg3 a6 13. Nh4 Be4 14. Rfc1 b5 15.
Qd1 c4 16. b3 Ne7 17. a4 Nf5 18. Nxf5 Bxf5 19. axb5 axb5 20. b4 h6 21. Rxa8 Rxa8
22. Ra1 Qd8 23. Qc1 Bd3 24. Bxd3 cxd3 25. f3 Rc8 26. Ra3 Qc7 27. Kf2 Nh5 28. Nf1
e5 29. Qd1 e4 30. fxe4 Nf6 31. exd5 Qc4 32. Nd2 Qxd5 33. Qf3 Qg5 34. Ra8 Ng4+
35. Ke1 Rxa8 36. Qxa8+ Kh7 37. Nf1 f5 38. Qf3 Nf6 39. Kd2 Ne4+ 40. Kxd3 Qg6 41.
Nd2 Nxg3 42. e4 fxe4+ 43. Nxe4 Nf5 44. g4 Nd6 45. Qf4 Nf7 46. Qf5 Qxf5 47. gxf5
h5 48. Ke3 g5 49. fxg6+ Kxg6 50. Kf4 h4 51. Kg4 h3 52. Kxh3 Kf5 53. Nc5 Kf4 54.
Kh4 Nd6 55. Kh5 Ke3 56. Kg5 Kd2 57. Kf4 Kxc3 58. Ne4+ Kxd4 59. Nxd6 Kc3 60.
Nxb5+ 1/2-1/2

[Event "FIDE World Blitz 2013"]
[Site "Khanty-Mansiysk RUS"]
[Date "2013.06.10"]
[Round "29.25"]
[White "Potapov, Pavel"]
[Black "Popov, Ivan RUS"]
[Result "1/2-1/2"]
[WhiteTitle "IM"]
[BlackTitle "GM"]
[WhiteElo "2460"]
[BlackElo "2632"]
[WhiteFideId "4169786"]
[BlackFideId "4170350"]
[EventDate "2013.06.09"]

1. e4 c6 2. d4 d5 3. e5 c5 4. dxc5 e6 5. Nf3 Bxc5 6. Bd3 Ne7 7. O-O Nbc6 8. a3
Bb6 9. Re1 Ng6 10. b4 f5 11. Bb2 O-O 12. Nbd2 a5 13. b5 Nce7 14. c4 Bd7 15. Rc1
Rc8 16. a4 Bc5 17. Nb3 Bb4 18. Bc3 Ba3 19. Ra1 dxc4 20. Rxa3 cxd3 21. Qxd3 b6
22. Raa1 Nd5 23. Rac1 Ngf4 24. Qd4 Nxc3 25. Rxc3 Rxc3 26. Qxc3 Nd5 27. Qc4 Qe7
28. Nbd4 Rc8 29. Nc6 Qa3 30. Nfd4 g6 31. g3 Qc5 32. Rc1 Qxc4 33. Rxc4 Kf7 34.
Kf1 Ne7 35. Ke2 Bxc6 36. bxc6 Nd5 37. Nb5 Ke7 38. f4 Nb4 39. Nd4 Rd8 40. c7 Rc8
41. Nc6+ Nxc6 42. Rxc6 Kd7 43. Rxb6 Rxc7 44. Rb5 1/2-1/2

[Event "FIDE World Blitz 2013"]
[Site "Khanty-Mansiysk RUS"]
[Date "2013.06.10"]
[Round "29.26"]
[White "Kabanov, Nikolai"]
[Black "Ram, S. Krishnan"]
[Result "0-1"]
[WhiteTitle "GM"]
[WhiteElo "2472"]
[BlackElo "2248"]
[WhiteFideId "4127820"]
[BlackFideId "5010519"]
[EventDate "2013.06.09"]

1. e4 e6 2. b3 d5 3. Bb2 Nf6 4. e5 Nfd7 5. Qg4 h5 6. Qg3 c5 7. f4 Nc6 8. Nf3 g6
9. Bd3 Ne7 10. Nc3 Nb6 11. O-O Nf5 12. Bxf5 gxf5 13. Nb5 h4 14. Qf2 h3 15. gxh3
d4 16. c3 Nd5 17. Ng5 a6 18. Nd6+ Bxd6 19. exd6 f6 20. c4 Nb4 21. Bxd4 cxd4 22.
Qxd4 Rg8 23. Rae1 fxg5 24. Kh1 Nc2 25. Qe5 Nxe1 26. Rxe1 Qd7 27. d4 gxf4 28.
Qxf4 Qg7 29. Qf2 Bd7 30. d5 O-O-O 31. Qc5+ Kb8 0-1

[Event "FIDE World Blitz 2013"]
[Site "Khanty-Mansiysk RUS"]
[Date "2013.06.10"]
[Round "29.27"]
[White "Frolyanov, Dmitry"]
[Black "Byambaa, Zulzaga"]
[Result "1-0"]
[WhiteTitle "GM"]
[BlackTitle "FM"]
[WhiteElo "2570"]
[BlackElo "2285"]
[WhiteFideId "4151976"]
[BlackFideId "4900642"]
[EventDate "2013.06.09"]

1. e4 d6 2. d4 Nf6 3. Nc3 g6 4. Bg5 Bg7 5. Qd2 c6 6. f4 b5 7. Bd3 O-O 8. Nf3 Bg4
9. O-O Qb6 10. Ne2 c5 11. c3 cxd4 12. cxd4 Nc6 13. Bc2 e5 14. fxe5 dxe5 15. Kh1
exd4 16. e5 Nd5 17. Be4 Ne3 18. Bxe3 dxe3 19. Qd5 Bxf3 20. Bxf3 Nxe5 21. Qb3
Rad8 22. Bd5 a5 23. a4 Qc5 24. Rad1 Nc4 25. Bxf7+ Kh8 26. Bxc4 bxc4 27. Qc2
Rxf1+ 28. Rxf1 Qe5 29. Qxc4 Qxb2 30. h3 h6 31. Nf4 Rd6 32. Qe4 Kh7 1-0

[Event "FIDE World Blitz 2013"]
[Site "Khanty-Mansiysk RUS"]
[Date "2013.06.10"]
[Round "29.28"]
[White "Rakhmanov, Aleksandr"]
[Black "Al-Sayed, Mohammed"]
[Result "1-0"]
[WhiteTitle "GM"]
[BlackTitle "GM"]
[WhiteElo "2602"]
[BlackElo "2498"]
[WhiteFideId "4173708"]
[BlackFideId "12100196"]
[EventDate "2013.06.09"]

1. d4 d5 2. c4 c6 3. cxd5 cxd5 4. Nc3 Nf6 5. Bf4 Nc6 6. e3 a6 7. Rc1 Bg4 8. f3
Bh5 9. Nge2 e6 10. Bg5 Be7 11. Nf4 Bg6 12. Be2 Nd7 13. Bxe7 Qxe7 14. h4 f6 15.
h5 Bf7 16. h6 g5 17. Nd3 Bg6 18. Nf2 O-O 19. Qd2 Rac8 20. e4 dxe4 21. fxe4 Qd6
22. Rd1 Rcd8 23. O-O Qf4 24. Ng4 Qxd2 25. Rxd2 f5 26. d5 Nce5 27. dxe6 fxg4 28.
exd7 Rxf1+ 29. Kxf1 Kf7 30. Kf2 Ke6 31. Kg3 b5 32. Bxg4+ Nxg4 33. Kxg4 b4 34.
Nd5 Bxe4 35. Nc7+ Kf6 36. Nxa6 Bf5+ 37. Kg3 b3 38. a4 Rxd7 39. Rxd7 Bxd7 40. a5
Bc6 41. Nc5 Bd5 42. a6 Ke5 43. a7 Kd4 44. Nxb3+ Kc4 45. Nd2+ Kb5 46. Nf3 1-0

[Event "FIDE World Blitz 2013"]
[Site "Khanty-Mansiysk RUS"]
[Date "2013.06.10"]
[Round "29.30"]
[White "Pasiev, Rakhim"]
[Black "Akbaev, Kazbek"]
[Result "1-0"]
[WhiteTitle "IM"]
[BlackTitle "IM"]
[WhiteElo "2384"]
[BlackElo "2475"]
[WhiteFideId "24122475"]
[BlackFideId "4131045"]
[EventDate "2013.06.09"]

1. e4 d6 2. d4 Nd7 3. Nc3 c5 4. Nf3 cxd4 5. Nxd4 Ngf6 6. g4 h6 7. Be3 a6 8. f3
Ne5 9. Qd2 Nc6 10. O-O-O e5 11. Nf5 Bxf5 12. gxf5 Be7 13. Rg1 Rg8 14. Bc4 Qa5
15. Kb1 b5 16. Bd5 Rc8 17. Bb3 b4 18. Nd5 Nxd5 19. Bxd5 g5 20. fxg6 Rxg6 21.
Rxg6 fxg6 22. Rg1 g5 23. h4 Qb5 24. hxg5 hxg5 25. Qh2 Nd4 26. Bxd4 exd4 27. Qh8+
Bf8 28. Qh5+ Kd7 29. Qf7+ Be7 30. Be6+ Kd8 31. Qg8+ 1-0